Sicilian lives /

Bibliographic Details
Main Author: Dolci, Danilo
Format: Book
Language:English
Italian
Published: New York : Pantheon Books, [1981]
Edition:1st. American ed.
Series:Pantheon village series.
Subjects:

MARC

Tag First Indicator Second Indicator Subfields
LEADER 00000cam a22000008a 4500
001 in00000089429
005 20151008063443.0
008 810716r1981 nyub b 00010 eng
010 |a  81047538  
020 |a 0394515366 :  |c $15.95 
020 |a 0394749383 (pbk.) :  |c $6.95 
035 |a (OCoLC)07653716 
035 |9 AAK2262AM 
039 0 |a 2  |b 3  |c 3  |d 3  |e 3 
040 |a DLC  |c DLC  |d TXA  |d UtOrBLW 
041 1 |a eng  |a ita 
043 |a e-it--- 
049 |a TXAM  |c [1442308] 
050 0 0 |a DG865.6  |b .D64 
082 0 |a 945/.8  |2 19 
100 1 |a Dolci, Danilo. 
245 1 0 |a Sicilian lives /  |c by Danilo Dolci ; translated by Justin Vitiello, (collaborator, Madeline Polidoro). 
250 |a 1st. American ed. 
263 |a 8201 
264 1 |a New York :  |b Pantheon Books,  |c [1981] 
264 4 |c ©1981 
300 |a xxiii, 303 pages :  |b map ;  |c 21 cm. 
336 |a text  |b txt  |2 rdacontent 
337 |a unmediated  |b n  |2 rdamedia 
338 |a volume  |b nc  |2 rdacarrier 
490 1 |a [Pantheon village series] 
504 |a Includes bibliographical references. 
650 0 |a Oral history. 
651 0 |a Sicily (Italy)  |x Social life and customs. 
651 0 |a Sicily (Italy)  |x Social conditions. 
830 0 |a Pantheon village series. 
999 |a MARS 
999 f f |s 4312c234-f200-30f8-9a18-aa40d5d535fb  |i 4ffc02e8-3e66-3f08-bacb-e1d45635ced1  |t 0 
952 f f |p ric  |a Texas A&M University  |b Rellis Campus  |c Joint Library Facility  |d Remote Storage  |t 0  |e DG865.6 .D64  |h Library of Congress classification  |i unmediated -- volume  |m A14806098448 
998 f f |a DG865.6 .D64  |t 0  |l Remote Storage